LEADER 01819cam0-22004931i-450- 001 990004295330403321 005 20100416120426.0 035 $a000429533 035 $aFED01000429533 035 $a(Aleph)000429533FED01 035 $a000429533 100 $a19990604d1962----km-y0itay50------ba 101 2 $agre$aita 102 $aIT 105 $af-------001yy 200 1 $aDiatriba Isiaca e dialoghi delfici$fPlutarco$gtesto e versione di Iside e Osiride, La E delfica, I responsi della Pizia, Il tramonto degli oracoli$ga cura di Vincenzo Cilento 210 $aFirenze$cSansoni$d©1962 215 $aXXXV, 486 p., [1] tav.$d20 cm 225 1 $aClassici della storia antica 500 10$aDe Iside et Osiride$m$912749 500 10$aDe E apud Delphos$m$920577 500 10$aDe Pythiae oraculis$m$913770 500 10$aDe defectu oraculorum$m$913753 676 $a888.01 700 0$aPlutarchus$f$0158213 702 1$aCilento,$bVincenzo$f<1903-1980> 801 0$aIT$bUNINA$gRICA$2UNIMARC 901 $aBK 912 $a990004295330403321 952 $aP.1 A/FG 133$bST.FIL.2628$fFLFBC 952 $aP2B-610-PLUTAR-4025A-1962$bARCH. 13912$fFLFBC$mB10-18613 952 $aP2B-610-PLUTAR-4025A-1962 BIS$bANT. G.R. 4098$fFLFBC$mB10-18614 952 $a11-A 10$bST.REL. 135$fFLFBC 952 $aBIB. BAT.5331$b2260$fBAT 952 $aP2B-610-PLUTAR-4025A-1962 TER$bBibl. 35947$fFLFBC$mB10-18615 952 $aAmir. 277$bs.i. ddr$fDDR$m21-11889 959 $aBAT 959 $aFLFBC 959 $aDDR 996 $aDe Pythiae oraculis$913770 996 $aDe Iside et Osiride$912749 996 $aDe defectu oraculorum$913753 996 $aDe E apud Delphos$920577 997 $aUNINA LEADER 00903nam0-22003011i-450- 001 990001442440403321 035 $a000144244 035 $aFED01000144244 035 $a(Aleph)000144244FED01 035 $a000144244 100 $a20000920d1967----km-y0itay50------ba 101 0 $aita 200 1 $aRivelatori delle radiazioni nucleari$fS. Sciuti 210 $aRoma$cEredi Virgilio Veschi$d1967 215 $a175 p.$d24 cm 300 $ain testa al front.: C.N.E.N. Comitato Nazionale Energia Nucleare ; Universitą degli Studi di Roma. 610 0 $aFisica nucleare 610 0 $aRadioattivitą 676 $a539.74$a539.752 700 1$aSciuti,$bSebastiano$0523 801 0$aIT$bUNINA$gRICA$2UNIMARC 901 $aBK 912 $a990001442440403321 952 $a34AI-093.001$b$fFI1 959 $aFI1 996 $aRivelatori delle radiazioni nucleari$9340394 997 $aUNINA DB $aING01 LEADER 01127nam--2200373---450- 001 990006168400203316 005 20160914171200.0 010 $a978-88-6542-137-6 035 $a000616840 035 $aUSA01000616840 035 $a(ALEPH)000616840USA01 035 $a000616840 100 $a20160914d2012----km-y0itay50------ba 101 $aita 102 $aIT 105 $aa---||||001yy 200 1 $aGiovanni Astengo$ei metodi di rappresentazione di un grande urbanista$fFabio Converti$gprefazione di Carmine Gambardella 210 $aNapoli$cLa Scuola di Pitagora$dcopyr. 2012 215 $a351 p.$cill.$d27 cm 225 2 $aFabbrica della conoscenza$v20 410 0$12001$aFabbrica della conoscenza 454 1$12001 600 1$aAstengo,$bGiovanni$2BNCF 676 $a711.092 700 1$aCONVERTI,$bFabio$0718479 702 1$aGAMBARDELLA,$bCarmine 801 0$aIT$bsalbc$gISBD 912 $a990006168400203316 951 $a711.092 CON$b1549 Crd.$c711$d00331486 959 $aBK 969 $aCRD 979 $aPAOLA$b90$c20160914$lUSA01$h1712 996 $aGiovanni Astengo$91393590 997 $aUNISA